00669nam a2200193 i 450000100060000000300090000600500170001500700030003200800410003510000360007624500760011225000150018826000340020330000300023770000370026785200320030499900170033695201220035323580ES-MaACL20230906152911.0t|021211s1973 sp ||||1| spa d1 aÁlvarez Cela, Ricardo.92073110aLake Hopatcong 1926 / cRicardo Alvarez Cela y Luis Eceizabarrena Gaba. a[1ª ed.]. a[Madrid : bAguilera, c1973] a150 p. : bil. ; c21 cm.1 aEceizabarrena Gaba, Luis.946483 aES-MaACLjC-52520 bR.85700 c23580d23580 00104070aATENEOMbATENEOMcDEPO2d2008-01-17eSCl0oC-52520p1024298r2023-02-23 00:00:00w2023-02-23yMONOGRAFIA